00697 a2200193 450000500170000001000150001702000260003203500140005803700090007208200110008110000250009224500490011726000450016627000620021130000260027394200300029999900190032995201550034820250113160020.0 aENG-143352 a9788186772782c610.00 aEN-126884 bDBAD a305.42 aSharma, Gopal976484 aWomen Empowerment in India/cby Gopal Sharma aNew DelhibNew Academic Publishersc2015 a4760-61, 23, Ansari Road, DaryaganjbDelhicDelhie110002 a223 p. ;c22 cm. (Hb) adplcEN2ddch305.42mSHA c208437d208437 001040708NFICaLbLd2025-01-13eDelivery of Books Act Divisiong1500.00l0o305.42 SHApEN-126884r2025-01-13 00:00:00t1v1500.00w2025-01-13yEN